Health data publications. (Record no. 1512)
[ view plain ]
| 000 -LEADER | |
|---|---|
| fixed length control field | 02014cas a2200553 a 4500 |
| 001 - CONTROL NUMBER | |
| control field | data |
| 008 - FIXED-LENGTH DATA ELEMENTS--GENERAL INFORMATION | |
| fixed length control field | data |
| 005 - DATE AND TIME OF LATEST TRANSACTION | |
| control field | 20260322212104.0 |
| 010 ## - LIBRARY OF CONGRESS CONTROL NUMBER | |
| LC control number | 92640014 |
| Canceled/invalid LC control number | sn 87028108 |
| -- | sn 87028108 |
| 016 7# - NATIONAL BIBLIOGRAPHIC AGENCY CONTROL NUMBER | |
| Record control number | 22330400R |
| Source | DNLM |
| 016 7# - NATIONAL BIBLIOGRAPHIC AGENCY CONTROL NUMBER | |
| Record control number | H04580000 |
| Source | DNLM |
| 019 ## - | |
| -- | 2261832 |
| 022 ## - INTERNATIONAL STANDARD SERIAL NUMBER | |
| International Standard Serial Number | 0438-8542 |
| 029 1# - OTHER SYSTEM CONTROL NUMBER (OCLC) | |
| OCLC library identifier | AU@ |
| System control number | 000022104600 |
| 029 1# - OTHER SYSTEM CONTROL NUMBER (OCLC) | |
| OCLC library identifier | NLM |
| System control number | 22330400R |
| 030 ## - CODEN DESIGNATION | |
| CODEN | HDPWA3 |
| 035 ## - SYSTEM CONTROL NUMBER | |
| System control number | (OCoLC)1768688 |
| 040 ## - CATALOGING SOURCE | |
| Original cataloging agency | MUL |
| Language of cataloging | eng |
| Transcribing agency | MUL |
| Modifying agency | OCLCL |
| -- | OCL |
| -- | NYG |
| -- | DLC |
| -- | OCL |
| -- | NLM |
| -- | OCLCQ |
| -- | OCLCF |
| -- | OCLCO |
| -- | OCLCQ |
| -- | OCLCO |
| -- | OCLCA |
| -- | OCLCL |
| 042 ## - AUTHENTICATION CODE | |
| Authentication code | pcc |
| 050 00 - LIBRARY OF CONGRESS CALL NUMBER | |
| Classification number | RA421 |
| Item number | .H4135 |
| 060 00 - NATIONAL LIBRARY OF MEDICINE CALL NUMBER | |
| Classification number | W2 A2 |
| Item number | W14h |
| 082 04 - DEWEY DECIMAL CLASSIFICATION NUMBER | |
| Classification number | 614 |
| Item number | U68 |
| Real World Object URI | https://id.oclc.org/worldcat/ddc/E3Y9wpMtQ39kfCkF3T8fPVRYBJ |
| 245 00 - TITLE STATEMENT | |
| Title | Health data publications. |
| 246 13 - VARYING FORM OF TITLE | |
| Title proper/short title | Health data publication |
| 260 ## - PUBLICATION, DISTRIBUTION, ETC. | |
| Place of publication, distribution, etc. | Washington, D.C. : |
| Name of publisher, distributor, etc. | Walter Reed Army Medical Center |
| 300 ## - PHYSICAL DESCRIPTION | |
| Extent | volumes : |
| Other physical details | illustrations, maps ; |
| Dimensions | 26 cm |
| 310 ## - CURRENT PUBLICATION FREQUENCY | |
| Current publication frequency | Irregular |
| 336 ## - CONTENT TYPE | |
| Content type term | text |
| Content type code | txt |
| Source | rdacontent |
| 337 ## - MEDIA TYPE | |
| Media type term | unmediated |
| Media type code | n |
| Source | rdamedia |
| 338 ## - CARRIER TYPE | |
| Carrier type term | volume |
| Carrier type code | nc |
| Source | rdacarrier |
| 362 1# - DATES OF PUBLICATION AND/OR SEQUENTIAL DESIGNATION | |
| Dates of publication and/or sequential designation | Began with no. 1 (Nov. 1959); ceased with no. 42 (1968). |
| 590 ## - LOCAL NOTE (RLIN) | |
| Local note | SERBIB/SERLOC merged record |
| 500 ## - GENERAL NOTE | |
| General note | Each no. has also a distinctive title (i.e. each no. deals with a particular country.). |
| 515 ## - NUMBERING PECULIARITIES NOTE | |
| Numbering peculiarities note | Many no. issued in revised editions. |
| 588 ## - SOURCE OF DESCRIPTION NOTE | |
| Source of description note | Description based on: No. 2 (Jan. 1960). |
| 588 ## - SOURCE OF DESCRIPTION NOTE | |
| Source of description note | Latest issue consulted: No. 13 (Sept. 1961). |
| 650 #0 - SUBJECT ADDED ENTRY--TOPICAL TERM | |
| Topical term or geographic name entry element | Public health. |
| 650 #2 - SUBJECT ADDED ENTRY--TOPICAL TERM | |
| Topical term or geographic name entry element | Public Health. |
| 650 #7 - SUBJECT ADDED ENTRY--TOPICAL TERM | |
| Topical term or geographic name entry element | Public health. |
| Source of heading or term | fast |
| Authority record control number or standard number | (OCoLC)fst01082238 |
| 655 #2 - INDEX TERM--GENRE/FORM | |
| Genre/form data or focus term | Periodical. |
| 710 2# - ADDED ENTRY--CORPORATE NAME | |
| Corporate name or jurisdiction name as entry element | Walter Reed Army Institute of Research. |
| Real World Object URI | https://id.oclc.org/worldcat/entity/E39QQPVp7Y3Mryj6DPd9XYVvTR |
| 776 08 - ADDITIONAL PHYSICAL FORM ENTRY | |
| Relationship information | Online version: |
| Title | Health data publications |
| Record control number | (OCoLC)1393135336 |
| 890 ## - | |
| -- | United States. Health data publications. |
| -- | 92-640014 |
| 906 ## - LOCAL DATA ELEMENT F, LDF (RLIN) | |
| a | 7 |
| b | cbc |
| c | serials |
| d | 3 |
| e | ncip |
| f | 19 |
| g | n-oclcserc |
| 920 ## - | |
| -- | Keep 1 |
| 991 ## - | |
| -- | c-GenColl |
| -- | RA421 |
| -- | .H4135 |
| -- | SERIALS |
| 992 ## - | |
| -- | SER |
| -- | SERLOC |
| Withdrawn status | Lost status | Damaged status | Not for loan | Home library | Current library | Shelving location | Date acquired | Total checkouts | Full call number | Barcode | Date last seen | Price effective from | Koha item type |
|---|---|---|---|---|---|---|---|---|---|---|---|---|---|
| Riverside | Riverside | General stacks | 22/03/2026 | 614 | LOC-RPL-00059 | 22/03/2026 | 22/03/2026 | Books |